Statistics for Western Europe - Map Quiz

Click here to take the quiz!

General Stats

  • This quiz has been taken 161 times
  • The average score is 13 of 24

Answers on the Map

Answers color-coded by a green-red scale on the quiz's map according to % correct below.
 

Answer Stats

Answer% Correct
Portugal
86%
Vatican City
86%
Austria
71%
Germany
71%
Greece
71%
Italy
71%
Norway
71%
Spain
71%
United Kingdom
71%
Belgium
57%
Denmark
57%
Finland
57%
France
57%
Iceland
57%
Ireland
57%
Sweden
57%
Malta
43%
Monaco
43%
Netherlands
43%
San Marino
43%
Andorra
29%
Liechtenstein
29%
Luxembourg
29%
Switzerland
14%

Score Distribution

Percentile by Number Answered

Percent of People with Each Score

Your Score History

You have not taken this quiz